00181nam a2200073Ia 4500008004100000082000800041100001300049245004500062240331s9999 xx 000 0 und d bABR aAbrol, D 0aArivuch chothu urimaigal :boor vilakkam